00385pam a2200145a 44500008004100000020001800041082001600059100001700075245005000092260004700142300001100189502000900200906001100209999001900220230405s2022 xxu||||| |||| 00| 0 eng d a9789393885050 a610.73bAUR aAurasang, C. aFundamentals of Nursing Practical Record Book aBangalorebEMMESS Medical Publishersc2022 a514 p. atext a004576 c252593d252593